Les 20 villes les plus peuplées de France - Statistiques

Statistiques générales
  • Ce quiz a été pris 470 fois
  • Le résultat moyen est 16 sur 20
Statistiques - réponses
Classement Ville % Correct
2 Marseille
100%
1 Paris
100%
3 Lyon
99%
10 Lille
98%
9 Bordeaux
96%
4 Toulouse
96%
6 Nantes
93%
5 Nice
93%
8 Strasbourg
92%
11 Rennes
89%
7 Montpellier
86%
14 Saint-Etienne
63%
13 Toulon
63%
17 Grenoble
62%
12 Reims
62%
18 Angers
60%
16 Dijon
60%
15 Le Havre
59%
20 Saint-Denis
47%
19 Villeurbanne
33%
Aucun quiz correspondant
Distribution des résultats
% des personnes avec chaque résultat
Percentile par nombre de réponses
Votre historique - résultats
Vous n’avez pas pris ce quiz